Estadísticas para Presidentes de España

Haz click aquí para intentar la prueba.

Estadísticas generales

  • Esta prueba ha sido intentada 2.731 veces
    (2.184 desde el último reinicio)
  • La puntuación promedio es 6 de 7

Estadísticas de respuestas

TérminoPartidoPrimer Ministro% Correcto
2011-2018PPMariano Rajoy
97%
2018-PSOEPedro Sánchez
97%
2004-2011PSOEJosé Luis Rodríguez Zapatero
95%
1996-2004PPJosé María Aznar
91%
1977-1981UCDAdolfo Suárez
82%
1982-1996PSOEFelipe González
82%
1981-1982UCDLeopoldo Calvo-Sotelo
60%

Distribución de puntuación

Porcentaje por número respondido

Porcentaje de gente con cada puntuación

Historial de tus puntuaciones

No has intentado esta prueba desde el último reinicio